| 000 | 00634cam a22002412 4500 | ||
|---|---|---|---|
| 001 | 0000019176 | ||
| 005 | 20151217152147.0 | ||
| 008 | 101018s xx 000 0 eng d | ||
| 020 | _a | ||
| 040 |
_aKABU _cKABU |
||
| 100 | 1 | _a | |
| 245 | 1 | 0 |
_aTransnational law & contemporary problems : _ba journal of the University of Iowa College of Law / _c |
| 250 | _a | ||
| 260 |
_aIowa City : _bUniversity of Iowa College of Law, _c2000. |
||
| 300 | _a | ||
| 500 | _aPhotocopy (part). | ||
| 505 | 8 | _aVolume 10 Fall 2000 no. 2. | |
| 650 | 0 |
_a _z |
|
| 700 | 1 | _a | |
| 700 | 1 | _a | |
| 908 | _a101018 | ||
| 999 |
_c8858 _d8858 |
||